ბათუმის შოთა რუსთაველის სახელმწიფო უნივერსიტეტის ბიბლიოთეკა

Dust to Dust. (ბიბ.ჩანაწერი № 46314)

000 -LEADER
fixed length control field 00402nam a2200193Ia 4500
001 - CONTROL NUMBER
control field 13150
003 - CONTROL NUMBER IDENTIFIER
control field GE_BSU
008 - FIXED-LENGTH DATA ELEMENTS--GENERAL INFORMATION
fixed length control field 181216s||||||||xx |||||||||||||| ||und||
020 ## - INTERNATIONAL STANDARD BOOK NUMBER
International Standard Book Number 9781407216843
040 ## - CATALOGING SOURCE
Transcribing agency GE_BSU
080 ## - UNIVERSAL DECIMAL CLASSIFICATION NUMBER
Universal Decimal Classification number 821.111-3
100 ## - MAIN ENTRY--PERSONAL NAME
Personal name Hoag,Tami.
245 ## - TITLE STATEMENT
Title Dust to Dust.
260 ## - PUBLICATION, DISTRIBUTION, ETC.
Place of publication, distribution, etc. London.
260 ## - PUBLICATION, DISTRIBUTION, ETC.
Date of publication, distribution, etc. 2007
300 ## - PHYSICAL DESCRIPTION
Extent 419p;18cm.
653 ## - INDEX TERM--UNCONTROLLED
Uncontrolled term Dust to Dust.
942 ## - ADDED ENTRY ELEMENTS (KOHA)
Koha item type წიგნი
ეგზემპლარები
Withdrawn status Lost status Damaged status Not for loan Date acquired Barcode Date last seen Price effective from Koha item type
        2018-12-17 36576 2018-12-17 2018-12-17 წიგნი